| 000 | 01140cam a22002895i 4500 | ||
|---|---|---|---|
| 999 |
_c28461 _d28432 |
||
| 001 | 4963270 | ||
| 003 | EG-ScBUE | ||
| 005 | 20200805101347.0 | ||
| 008 | 970701r20091997nyua f b 001 0 eng d | ||
| 020 | _a9780805823530 (pbk. : acid-free paper) | ||
| 040 |
_aDLC _beng _erda _cDLC _dDLC _dEG-ScBUE |
||
| 082 | 0 | 4 |
_a175 _bETH _222 |
| 245 | 0 | 0 |
_aEthics in intercultural and international communication / _cedited by Fred L. Casmir, Pepperdine University. |
| 264 | 1 |
_aNew York : _bRoutledge / Taylor and Francis Group, _c1997. |
|
| 300 |
_axi, 296 pages : _billustrations ; _c24 cm |
||
| 336 |
_atext _btxt _2rdacontent |
||
| 337 |
_aunmediated _bn _2rdamedia |
||
| 338 |
_avolume _bnc _2rdacarrier |
||
| 504 | _aIncludes bibliographical references and indexes. | ||
| 650 | 7 |
_aIntercultural communication _xMoral and ethical aspects. _2BUEsh |
|
| 650 | 7 |
_aCommunication, International _xMoral and ethical aspects. _2BUEsh |
|
| 650 | 7 |
_aCommunication in international relations _xMoral and ethical aspects. _2BUEsh |
|
| 653 |
_bCOMAME _cJuly2020 |
||
| 655 |
_vReading book _934232 |
||
| 700 | 1 |
_aCasmir, Fred L., _d1928- _eeditor. |
|
| 942 |
_2ddc _cBB |
||